| 000 -LEADER |
| fixed length control field |
00870cam a22002417a 4500 |
| 020 ## - INTERNATIONAL STANDARD BOOK NUMBER |
| ISBN |
9789251059296 |
| 020 ## - INTERNATIONAL STANDARD BOOK NUMBER |
| ISBN |
9251059292 |
| 040 ## - CATALOGING SOURCE |
| Transcribing agency |
UY0 |
| 082 ## - DEWEY DECIMAL CLASSIFICATION NUMBER |
| Classification number |
631 FOO 2008 A038 Or. |
| 100 1# - MAIN ENTRY--AUTHOR NAME |
| Personal name |
Syers, John K. |
| 245 10 - TITLE STATEMENT |
| Title |
Efficiency of soil and fertilizer phosphorus use : |
| Remainder of title |
reconciling changing concepts of soil phosphorus behaviour with agronomic information / |
| 260 ## - PUBLICATION, DISTRIBUTION, ETC. (IMPRINT) |
| Place of publication |
Rome : |
| Name of publisher |
Food and Agriculture Organization of the United Nations, |
| Year of publication |
2008. |
| 300 ## - PHYSICAL DESCRIPTION |
| Number of Pages |
xi, 108 p. : |
| Other physical details |
ill. ; |
| Dimensions |
25 cm. |
| 500 ## - GENERAL NOTE |
| General note |
D. Curtin is a New Zealand author. |
| 650 #0 - SUBJECT ADDED ENTRY--TOPICAL TERM |
| Topical Term |
Phosphatic fertilizers. |
| 650 #0 - SUBJECT ADDED ENTRY--TOPICAL TERM |
| Topical Term |
Soils |
| 650 #0 - SUBJECT ADDED ENTRY--TOPICAL TERM |
| Topical Term |
Phosphorus in agriculture. |
| 700 1# - ADDED ENTRY--PERSONAL NAME |
| Personal name |
Johnston, A. E. |
| 700 1# - ADDED ENTRY--PERSONAL NAME |
| Personal name |
Curtin, Denis. |
| 710 2# - ADDED ENTRY--CORPORATE NAME |
| Corporate name or jurisdiction name as entry element |
Food and Agriculture Organization of the United Nations. |
| 856 41 - ELECTRONIC LOCATION AND ACCESS |
| Uniform Resource Identifier |
http://www.loc.gov/catdir/toc/fy1001/2008437458.html |
| 942 ## - ADDED ENTRY ELEMENTS (KOHA) |
| Koha item type |
សៀវភៅភាសាអង់គ្លេស |
| 952 ## - LOCATION AND ITEM INFORMATION (KOHA) |
| Withdrawn status [LOCAL, KOHA] |
0 |